Využití faktoru beta při "lednovém efektu" na kapitálových trzích
Podstata "lednového efektu". Český kapitálový trh. Využitie beta faktoru, ktorý udáva citlivosť jednotlivého cenného papiera na vývoji celkového trhu. Autor sa v príspevku pokúša aplikovať beta faktor na "lednový efekt". Na základe beta faktoru nemožno očakávať presný vývoj akcií.
Guardado en:
| Autor principal: | |
|---|---|
| Formato: | Capítulo de libro |
| Lenguaje: | checo |
| Materias: | |
| Etiquetas: |
Sin Etiquetas, Sea el primero en etiquetar este registro!
|
MARC
| LEADER | 00000naa$a2200000$$$4500 | ||
|---|---|---|---|
| 001 | 0019931 | ||
| 005 | 20221128124341.5 | ||
| 041 | 0 | |a cze | |
| 044 | |a SK | ||
| 245 | 1 | 0 | |a Využití faktoru beta při "lednovém efektu" na kapitálových trzích |c Petr Mandelík |
| 520 | |a Podstata "lednového efektu". Český kapitálový trh. Využitie beta faktoru, ktorý udáva citlivosť jednotlivého cenného papiera na vývoji celkového trhu. Autor sa v príspevku pokúša aplikovať beta faktor na "lednový efekt". Na základe beta faktoru nemožno očakávať presný vývoj akcií. | ||
| 610 | 2 | 0 | |a trh kapitálový |
| 610 | 2 | 0 | |a prognózy |
| 610 | 2 | 0 | |a Česko |
| 610 | 2 | 0 | |a akcie |
| 610 | 2 | 0 | |a koeficient beta |
| 100 | 1 | |a Mandelík, Petr | |